000 00513ntaaa2200193 4500
003 01
005 20251027201512.0
008 0714s1973 ag 01
040 _aAR-BaBN
_bspa
_cAR-BaBN
_eaacr
_dRIC
082 _a227.4000 St8
100 _aStrauss, Lehman
_96122
245 _aDevotional Studies in Galatians and Ephesians
250 _a1 ed.
260 _aNeptune :
_bLoizeaux Brothers,
_cc1957
300 _a256 p.
650 _aBiblia-Nuevo Testamento-Gálatas
650 _aBiblia-N.T.-Efesios
942 _cBK
999 _c9632
_d9632